Selena Gomez - Paroles Same Old Love - Statistiques

Statistiques générales
  • Ce quiz a été pris 87 fois
  • Le résultat moyen est 331 sur 390
Statistiques - réponses
Hint Réponse % Correct
I
100%
I'm
98%
love,
98%
love)
98%
love
98%
old
98%
same
98%
so
98%
So
98%
sick
97%
that
97%
(that
97%
that,
97%
of
95%
You
93%
you
93%
Oh
92%
oh
92%
a
90%
me
88%
my
86%
go
85%
Couplet 1 Take
85%
take
85%
to
85%
your
85%
be
81%
can't
81%
it
81%
and
80%
enough
78%
know
78%
know,
78%
what
78%
in
76%
on
76%
don't
75%
said,
75%
back
73%
things
73%
time,
73%
Too
71%
too,
71%
away
69%
now
69%
Right
69%
shit,
69%
up
69%
believe,
68%
believe
68%
left
68%
the
68%
had
66%
knees
64%
not
64%
hard
63%
peace,
63%
tears
63%
heard
61%
heart
61%
I've
61%
pieces
61%
breathe,
59%
times
59%
million
58%
body's
56%
forget,
56%
mind
56%
all
54%
breaks
53%
at
51%
change
51%
one
49%
like
47%
try
47%
any
44%
before,
44%
'Cause
44%
least
42%
still
42%
feels
41%
kind
41%
won't
41%
changing
39%
apart
32%
spending
32%
blown
27%
wasting
20%
tonight
17%
Aucun quiz correspondant
Distribution des résultats
% des personnes avec chaque résultat
Percentile par nombre de réponses
Votre historique - résultats
Vous n’avez pas pris ce quiz